| 000 | nam a22 7a 4500 | ||
|---|---|---|---|
| 999 |
_c7181 _d7181 |
||
| 005 | 20190301073454.0 | ||
| 008 | 190301b xxu||||| |||| 00| 0 eng d | ||
| 020 |
_a9781484732786 _bhard bound |
||
| 040 |
_beng _cAPEC Schools Library _erda |
||
| 082 |
_aFic _bR585 2015 |
||
| 100 | _aRiordan, Rick | ||
| 245 |
_aDemigods & magicians : Percy and Annabeth meet the kanes / _cRick Riordan |
||
| 264 |
_aNew York : _bDisney, _bHyperion, _c©2015. |
||
| 300 |
_a187 pages ; _c17 cm. |
||
| 336 |
_2rdacontent _atext |
||
| 337 |
_2rdamedia _aunmediated |
||
| 338 |
_2rdacarrier _avolume |
||
| 942 |
_2ddc _cBK |
||